| 000 | 00508nam a2200157Ia 4500 | ||
|---|---|---|---|
| 999 |
_c7207 _d7207 |
||
| 020 | _a9780071742689 | ||
| 082 |
_a616.9041 _bLEV |
||
| 100 | _aLevinson, Warren. | ||
| 245 | 0 |
_aMedical Microbiology & Immunology / _cBY Levinson, Warren. |
|
| 250 | _a11th | ||
| 260 |
_aNew York _bLange Medical Books _c2010 |
||
| 300 |
_a632 _bILL _c27CM |
||
| 504 | _aInclude:index | ||
| 650 |
_aImmunology_examination questions. _vbasic bacteriology, clinical bacteriology, clinical verology, basic, virology |
||
| 942 |
_cBK _2ddc |
||